00508 2200193 4500001002100000005001500021035002000036007000300056008004100059020002200100082001000122084001600132100001000148245003400158250001100192260005100203300004200254650001800296INLIS00000000000112420210910100517 a0010-0921000023ta210910 d 0 ind  a978-602-424-700-3 a923.2 a923.2 TEM p0 aTempo1 aParadoks Amir Hamzah /cTempo aCet. 1 aJakarta :bKepustakaan Populer Gramedia,c2017 axi + 116 hlm. :bilus. ;c16 x 23 cm. aSejarah Tokoh